01209nam a2200301 4500001000400000003000400004005001700008008004100025020001800066040000800084041001300092082001900105100002900124240001200153245010600165260004300271300001100314520041500325650002600740650002300766650001800789650001200807650001300819650001500832655001200847655001600859700003200875380OSt20250528074019.0250403b |||||||g |||| 00| 1 eng d a9788574211497 bpor hengapor aB869.93bF816b1 aFranchini, A. S.,d1964- aBeowulf aBeowulf: bRecriação em prosa do poema medieval inglês /cFranchini, A. S. ; Segangredo, Carmen aPorto AlegrebArtes e Ofícios c2007 a231 p. aPrimeiro poema épico da Europa Ocidental, Beowulf é considerado, até hoje, uma das obras-primas da literatura inglesa. Um herói destemido o bastante para enfrentar três dos mais ferozes monstros criados pela imaginação humana em três duelos sucessivos e vertiginosos: eis que o leitor encontrará nas páginas deste vibrante romance, adaptado do clássico poema medieval inglês "Beowulf". 0aLiteratura Brasileira 0aLiteratura Inglesa 0aAdaptação 0aÉpico 0aAventura 0aMitologia  0aRomance 0aFicção  aSegangredo, CarmeneCoautor